000 00650nam a2200241Ia 4500
003 OSt
005 20221007101305.0
006 a|||||r|||| 00| 0
007 ta
008 221006b |||||||| |||| 00| 0 eng d
024 _a6,186
037 _cTextual
040 _aLCO
_cLCO
_beng
041 _2eng
_aeng
082 _aZ3,2674, L1
100 _aJAMES E P SKONE
_9690767
245 0 _aCopyright
_b International Copyright.
260 _aLondon
_bSweet & Maxwell
_c1971
300 _a920
650 _aINTERNATIONAL COPYRIGHT
_9702820
942 _hZ3,2674, L1
_cTEXL
999 _c1175749
_d1175749